Les drames historiques et les poèmes lyriques / (Record no. 140698)

MARC details
000 -LEADER
campo de control de longitud fija 00699nam a2200205 i 4500
001 - NÚMERO DE CONTROL
campo de control 140698
003 - IDENTIFICADOR DE NÚMERO DE CONTROL
campo de control ES-MaACL
005 - FECHA Y HORA DE LA ÚLTIMA TRANSACCIÓN
campo de control 20250716062529.0
007 - CAMPO FIJO DE DESCRIPCIÓN FÍSICA--INFORMACIÓN GENERAL
campo de control de longitud fija t|
008 - DATOS DE LONGITUD FIJA--INFORMACIÓN GENERAL
campo de control de longitud fija 070914s1948 sp ||||1| spa d
080 ## - NÚMERO DE LA CLASIFICACIÓN DECIMAL UNIVERSAL
Número de la Clasificación Decimal Universal 821.111
100 1# - ENTRADA PRINCIPAL--NOMBRE DE PERSONA
Nombre de persona Shakespeare, William,
Fechas asociadas al nombre 1564-1616
9 (RLIN) 105992
245 14 - MENCIÓN DEL TÍTULO
Título Les drames historiques et les poèmes lyriques /
Mención de responsabilidad, etc. William Shakespeare ; nouvelle traduction française avec remarques et notes par Pierre Massiaen.
260 ## - PUBLICACIÓN, DISTRIBUCIÓN, ETC.
Lugar de publicación, distribución, etc. Paris :
Nombre del editor, distribuidor, etc. Desclée, De Brouwer,
Fecha de publicación, distribución, etc. [1947]
300 ## - DESCRIPCIÓN FÍSICA
Extensión 1532 p. ;
Dimensiones 18 cm.
500 ## - NOTA GENERAL
Nota general Biblioteca Jacinto Martinez Lacalle.
700 1# - ENTRADA AGREGADA--NOMBRE PERSONAL
Nombre de persona Messiaen, Pierre.
9 (RLIN) 80685
852 ## - LOCALIZACIÓN
Ubicación ES-MaACL
Número de control de estantería E-12132
Sublocalización o colección R.140073
Holdings
Estatus retirado Estado de pérdida Estado de daño No para préstamo Biblioteca de origen Biblioteca actual Ubicación en estantería Fecha de adquisición Fuente de adquisición Total de préstamos Signatura topográfica completa Código de barras Visto por última vez Precio de reemplazo Tipo de ítem Koha
        Biblioteca del Ateneo de Madrid Biblioteca del Ateneo de Madrid Depósito 2 17/01/2008     E-12132 1146412 23/02/2023 23/02/2023 Libro impreso